000
nam a22 7a 4500
999
_c
329315
_d
329315
003
Nust
005
20170503104910.0
008
170503b xxu||||| |||| 00| 0 eng d
040
_c
dlc
082
_a
690 GAH
100
_4
Gahlot, P. S.
245
_a
Building Repair and Maintenance Management
942
_2
ddc
_c
BK